|
|
|
|
| LEADER |
00000nam a2200000 a 4500 |
| 001 |
vtls008161239 |
| 003 |
SK-MaSNL |
| 005 |
20260302074030.0 |
| 008 |
240314s1921 xr a d 000 f cze |
| 020 |
|
|
|q (viaz.)
|
| 040 |
|
|
|a SNK
|b slo
|c SNK
|e AACR2
|
| 072 |
|
7 |
|a 821.162.3-3
|x Česká próza
|2 konspekt
|
| 080 |
|
|
|a 821.162.3-31
|2 MDT-MRF
|
| 080 |
|
|
|a (0:82-311.6)
|2 MDT-MRF
|
| 100 |
1 |
|
|a Jirásek, Alois,
|d 1851-1930
|4 aut
|9 104443
|
| 245 |
1 |
0 |
|a Psohlavci
|b historický obraz
|c Alois Jirásek; illustroval Mikoláš Aleš
|
| 250 |
|
|
|a 3. illustr. vyd.
|
| 260 |
|
|
|a V Praze
|b Nakladatelství J. Otto
|e V Praze
|f Česká Grafická Unie
|c 1921
|
| 300 |
|
|
|a 260 s.; [11] s. obr. príl.
|c 23 cm
|
| 500 |
|
|
|a Celkove 17. vyd.
|
| 655 |
|
7 |
|a české romány
|2 SNKPH
|9 70600
|
| 655 |
|
7 |
|a historické romány
|2 SNKPH
|9 70253
|
| 700 |
1 |
|
|a Aleš, Mikoláš,
|d 1852-1913
|4 ill
|9 103292
|
| 752 |
|
|
|a Česko
|d Praha
|
| 999 |
|
|
|c 1163335
|d 1165265
|
| 952 |
|
|
|a SNK
|b SNK
|y VYP
|7 0
|p 17A0476001
|o snkIC 132370
|i snk2005/10620
|8 1
|0 0
|1 0
|4 0
|d 2005-06-20
|l 0
|r 2026-02-24 20:40:10
|w 2026-02-24
|